000 00799nam a22002537a 4500
003 PE SENCICO BE
005 20251020182627.0
008 230222b |||||||| |||| 00| 0 eng d
020 _a978-987-584-345-5
040 _aPE SENCICO BE
_cPE SENCICO BE
041 _aspa
082 _a728
_bS77
100 1 _9673
_aSprovieri, Eduardo Juan
_eautor
245 1 _aLa vivienda de interés social y la tecnología /
_cEduardo Juan Sprovieri
250 _a1a ed.
260 _aBuenos Aires :
_bNobuko,
_c2011
300 _a204 p. :
_bil. col.,
_c20 cm.
504 _aBibliografía: p. 199-203.
650 1 4 _977
_aViviendas
650 2 4 _9674
_aArquitectura doméstica
650 2 4 _9417
_aIndustria de la construcción
910 _bhfp
_chfp
942 _2ddc
_cLIB
_h728
_iS77
999 _c3846
_d3846